000 00466nam a2200181Ia 4500
005 20250508161756.0
008 008 250505s9999 xx 000 0 hin d
037 _aTextual
040 _aFEDL
_beng
_cFEDL
041 _ahin
_2hin
084 _aFH, PRE
_qFEDL
100 _aPrem Chand
245 0 _aGhar jamai aur pus ki raat
260 _aBanaras, India
_bSaraswati Press
300 _a27p
942 _cTEXL
_hFH, PRE
999 _c1372116
_d1372116